000 01104nam2a22002411 4500
001 rc\4277216
005 20250611144827.0
035 _a(NLR Aleph) 008243292
090 _a8291048
_c8291048
100 _a20130416d1965 |||y0rusy50 ca
101 0 _arus
102 _aRU
105 _ay z |||||
200 1 _aТаблицы для гидравлических расчетов и подсчетов объемов земляных и укрепительных работ
210 _d1965
_aБ. м.
215 _a259 с.
225 1 _a...
_vИнв. № 36/2
461 0 _1001rc\4277214
_12001#$aАльбом водоотводных устройств на железных дорогах$f[Разработан Мосгипротрансом. В 2 ч.]. Ч. 1-$vЧ. 2
_98291038
_cМосква
_d1965
_f[Разработан Мосгипротрансом. В 2 ч.]. Ч. 1-
_nБ. и.
_tАльбом водоотводных устройств на железных дорогах
_vЧ. 2
801 0 _aRU
_bNLR
_gpsbo
801 1 _aRU
_bELAR
_2rusmarc
852 _aNLR
_j65-8/648
942 _cBOOK
980 _aNB